New frontiers in urban analysis (Record no. 11536)

MARC details
000 -LEADER
fixed length control field 01328cam a2200361Ia 4500
001 - CONTROL NUMBER
control field CRC00K10134PDF
003 - CONTROL NUMBER IDENTIFIER
control field BD-DhSAU
005 - DATE AND TIME OF LATEST TRANSACTION
control field 20151012144303.0
006 - FIXED-LENGTH DATA ELEMENTS--ADDITIONAL MATERIAL CHARACTERISTICS
fixed length control field m|||||o||d||||||||
007 - PHYSICAL DESCRIPTION FIXED FIELD--GENERAL INFORMATION
fixed length control field cr||||
008 - FIXED-LENGTH DATA ELEMENTS--GENERAL INFORMATION
fixed length control field 090415s2009 fluab sb 011 0 eng d
020 ## - INTERNATIONAL STANDARD BOOK NUMBER
International Standard Book Number 9781439802533 (ebook : PDF)
040 ## - CATALOGING SOURCE
Original cataloging agency BD-DhSAU
Transcribing agency BD-DhSAU
090 ## - LOCALLY ASSIGNED LC-TYPE CALL NUMBER (OCLC); LOCAL CALL NUMBER (OCLC)
Classification number (OCLC) (R) ; Classification number, CALL (RLIN) (NR) HT166
Local cutter number (OCLC) ; Book number/undivided call number, CALL (RLIN) .N437 2009
092 ## - LOCALLY ASSIGNED DEWEY CALL NUMBER (OCLC)
Classification number 307.1216
Item number N532
245 00 - TITLE STATEMENT
Title New frontiers in urban analysis
Medium [electronic resource] :
Remainder of title in honor of Atsuyuki Okabe /
Statement of responsibility, etc. edited by Yasushi Asami, Yukio Sadahiro, Toru Ishikawa.
260 ## - PUBLICATION, DISTRIBUTION, ETC. (IMPRINT)
Place of publication, distribution, etc. Boca Raton :
Name of publisher, distributor, etc. CRC Press,
Date of publication, distribution, etc. c2009.
300 ## - PHYSICAL DESCRIPTION
Extent xviii, 253 p. :
Other physical details ill., maps.
504 ## - BIBLIOGRAPHY, ETC. NOTE
Bibliography, etc Includes bibliographical references and indexes.
530 ## - ADDITIONAL PHYSICAL FORM AVAILABLE NOTE
Additional physical form available note Also available in print edition.
538 ## - SYSTEM DETAILS NOTE
System details note Mode of access: World Wide Web.
650 #0 - SUBJECT ADDED ENTRY--TOPICAL TERM
Topical term or geographic name as entry element City planning.
650 #0 - SUBJECT ADDED ENTRY--TOPICAL TERM
Topical term or geographic name as entry element Land use, Urban.
650 #0 - SUBJECT ADDED ENTRY--TOPICAL TERM
Topical term or geographic name as entry element Spatial analysis (Statistics)
655 #7 - INDEX TERM--GENRE/FORM
Genre/form data or focus term Electronic books.
Source of term lcsh
700 1# - ADDED ENTRY--PERSONAL NAME
Personal name Asami, Yasushi,
Dates associated with a name 1960-
700 1# - ADDED ENTRY--PERSONAL NAME
Personal name Sadahiro, Yukio,
Dates associated with a name 1966-
700 1# - ADDED ENTRY--PERSONAL NAME
Personal name Ishikawa, Toru,
Dates associated with a name 1971-
700 1# - ADDED ENTRY--PERSONAL NAME
Personal name Okabe, Atsuyuki,
Dates associated with a name 1945-
776 1# - ADDITIONAL PHYSICAL FORM ENTRY
International Standard Book Number 9781439802526
776 1# - ADDITIONAL PHYSICAL FORM ENTRY
International Standard Book Number 1439802521
856 40 - ELECTRONIC LOCATION AND ACCESS
Uniform Resource Identifier <a href="http://marc.crcnetbase.com/isbn/9781439802533">http://marc.crcnetbase.com/isbn/9781439802533</a>
Electronic format type application/PDF

No items available.